EU Institutions - Statistics

General Stats
  • This quiz has been taken 45 times
  • The average score is 5 of 7
Answer Stats
No Answer Function % Correct
4. European Commission Executive
93%
3. European Parliament Legislative
93%
6. European Central Bank (ECB) Financial
75%
1. European Council Directive
70%
2. Council of Ministers (Council of the EU) Legislative
60%
5. Court of Justice of the EU Judiciary
60%
7. European Court of Auditors Financial supervision
33%
No matching quizzes found
Score Distribution
Percent of People with Each Score
Percentile by Number Answered
Your Score History
You have not taken this quiz